Author and Subject Index of the Journal of The Indian Council of Philosophical Research (Record no. 42898)
[ view plain ]
| 000 -LEADER | |
|---|---|
| fixed length control field | 004230000a22001450004500 |
| 003 - CONTROL NUMBER IDENTIFIER | |
| control field | MACL |
| 040 ## - CATALOGING SOURCE | |
| Original cataloging agency | MACL |
| 090 ## - LOCALLY ASSIGNED LC-TYPE CALL NUMBER (OCLC); LOCAL CALL NUMBER (RLIN) | |
| -- | 43353 |
| -- | 43351 |
| 100 ## - MAIN ENTRY--PERSONAL NAME | |
| Personal name | Bhatnagar, R S |
| 245 ## - TITLE STATEMENT | |
| Title | Author and Subject Index of the Journal of The Indian Council of Philosophical Research |
| Remainder of title | vol 1-XX 1983-2003 |
| 260 ## - PUBLICATION, DISTRIBUTION, ETC. (IMPRINT) | |
| Name of publisher, distributor, etc. | Indian Council Of Philosophical Research |
| Date of publication, distribution, etc. | 2008 |
| 350 ## - PRICE (NR) (BK AM CF MU VM SE) [OBSOLETE] | |
| Price | 335 |
| 650 ## - SUBJECT ADDED ENTRY--TOPICAL TERM | |
| Topical term or geographic name as entry element | Author Catalogue |
| 942 ## - ADDED ENTRY ELEMENTS (KOHA) | |
| Koha item type | Library Membar |
| Call number prefix | 018/BHA |
| Withdrawn status | Lost status | Source of classification or shelving scheme | Damaged status | Not for loan | Home library | Current library | Date acquired | Cost, normal purchase price | Total Checkouts | Full call number | Barcode | Date last seen | Uniform Resource Identifier | Price effective from | Koha item type |
|---|---|---|---|---|---|---|---|---|---|---|---|---|---|---|---|
| MACL | MACL | 15/04/2015 | 335.00 | 018/BHA BOOK | CRE024764 | 02/05/2024 | 43177 | 15/04/2015 | Books |









